MDQL
is popping MORE tags! Check the
thread
!
Quizzes
Events
Quiz Creation
Community
Videos
Private Events
Remove Ads
Sign In
Join for FREE
Feedback
Dark Mode
Quiz Categories
Sports
Geography
Music
Movies
Television
Just For Fun
Miscellaneous
History
Literature
Language
Science
Gaming
Entertainment
Religion
Holiday
For Kids
Quiz Lab
Recent
Popular Today
Quiz Kudos Today
Editor Picks
Curator Picks
Quizzes by...
Day
Popularity
Type
Ratings
Length
Year
Community
Subscriptions
Recent Discussions
Orange Saloon
Badges
Playlists
Quests
Create
Leaderboards
Showdown
Live 5
Trivia Bingo
Activity
Puzzle Library
Sporcle Events
Private Events
Virtual Trivia
Globe League
Become a Host
Pub Owners
SporcleCon
Opinionation
Our Games
Videos
Blog
Mobile Apps
Partnerships
Remove Ads and Go Orange
Feedback
Television
TV Characters
TV Show
Sitcom
Network
Friends
Reality Shows
Cast
South Park
Star Trek
The Simpsons
Doctor Who
Television
TV Characters
TV Show
Sitcom
Network
Friends
Reality Shows
Cast
South Park
Star Trek
The Simpsons
Doctor Who
Random Quiz
Search Sporcle
×
Quiz Lab
Quiz Lab
Television
phrase
Type in answers that appear in a list
Type in answers that appear in a list
Classic
Best Score? Go Orange.
Homer Simpson's 3 Phrases to Get You Through Life Stats
Can you name the Homer Simpson's 3 Phrases to Get You Through Life?
By
gargamella
5m
3 Questions
49 Plays
49 Plays
49 Plays
Comments
Comments
Give Quiz Kudos
Give Quiz Kudos
-
- Ratings
hide this ad
Replay
Link that replays current quiz
Next Quiz
Link to next quiz in quiz playlist
You Got
0%
They Got
Avg Score
64%
Avg Friend Score
Upgrade to see
Score Distribution
Jump to the score distribution portion of the page
Score
0/3
Timer
05:00
0
Plays Today
% Correct
It was like that when I got there.
95.9%
Ooh, good idea, boss!
51%
Cover for me.
46.9%
Quiz Playlist
Details
Report
Send in Message
Add To Playlist
Classic:
Type in answers that appear in a list
Last Updated: Feb 16, 2017
Quiz Scoreboard
CHALLENGE
Sign Up to Join the Scoreboard
Show All
Scores
Hide
Comments
May contain spoilers
Recently Published
5x2 Blitz: Bands
by SL_Kpop136
Music
30s
Colored Red Africa Blitz
by spor1
Geography
30s
Find the 'City' Movie
by crazypaving
Movies
60s
More to Explore
Quiz From the Vault
Featured Blog Post
14 Easter Pick-up Lines to Find Eggs With
hide this ad
You Might Also Like...
Tags
Homer
Homer Simpson
life
phrase
Today's Top Quizzes in Television
Browse Television
hide this ad
Today's Top Quizzes in phrase
Browse phrase
Top Contributed Quizzes in Television
1
Survivor Journey Challenge
2
Brooklyn Nine Nine Logic Puzzle (How-To-Play)
3
Phoebe Buffay Quotes
4
One Tree Hill Logic Puzzle
5
Survivor Logic Puzzle: Heroes vs. Villains
6
Survivor Trivia
7
Game of Thrones: Tywin Lannister Start to Finish
8
All US Survivor Seasons in Order
9
Emmerdale Characters (from August 2012)
10
Survivor Trivia #6: Criteria Quiz!
Explore More
Trending Topics
Kpop
NBA
Anime
Disney
Harry Potter
Marvel
Crossword
Puzzle
Country
Pokémon
NFL
The Office
Song
Soccer
WWE
hide this ad
More By:
gargamella
Quiz
Plays
Rating
Category
Featured
Created
Most Common Girl's Names in my 7th Grade Yearbook
390
3.00
Miscellaneous
Dec 13, 2012
Consequences of Sound's 100 Greatest Singers
229
5.00
Music
Apr 9, 2020
500 Songs That Shaped Rock (alphabetical order) Part I
70
3.00
Music
Mar 28, 2021
100 Worst Songs of Modern Pop Culture
69
4.00
Music
Sep 13, 2020
I Am the Very Model of a Cartoon Individual-Animaniacs
63
5.00
Music
Mar 31, 2017
Go to Creator's Profile
Score Distribution
Quiz Creator Spotlight
gargamella
Follow
Send a Message
Quizzes Created
-
Created Quiz Play Count
-
More By This Creator
Popular Quizzes Today
1
Find the 'City' Movie
2
Colored Red Africa Blitz
3
Find the US States - No Outlines Minefield
4
5x2 Blitz: Bands
5
The Countries of the World
6
Find the US States
7
US States
8
9x9 Crossword: Cartoon Network
More Television Quizzes
Christmas Cards in TV Series
Curator's Pick
Trending Quizzes
Colored Red Europe Blitz I
Colored Red Africa Blitz II
Colored Red Europe Blitz II
Colored Red Africa Blitz III
Colored Red Europe Blitz III
Recently Updated
Famous TV Couples
Peacemaker
Champions League XIs: Real Madrid
pecheneg
Largest US Cities 1790-2010
pecheneg
Rides in Walt Disney World
pecheneg
Most Oscar Losses (Acting)
pecheneg
Beyoncé Albums
pecheneg
Leaping Animals
pecheneg
Reality TV Shows (A-Z)
bhenderson79
Rickey Henderson's Hall of Fame Teammates
pecheneg
Champions League XIs: Arsenal
pecheneg
Trending Topics
Anime
NBA
Kpop
Harry Potter
Marvel
Crossword
Disney
Pokémon
Soccer
WWE
Song
NFL
Puzzle
The Office
Country
Your Account Isn't Verified!
In order to create a playlist on Sporcle, you need to verify the email address you used during registration. Go to your
Sporcle Settings
to finish the process.
Report this User
Report this user for behavior that violates our
Community Guidelines
.
Details:
Send Report
Go to the Sporcle.com Mobile Site →
Comments